000 00301nam a22001337a 4500
008 170329b xxu||||| |||| 00| 0 eng d
020 _a9780683302806
041 _aeng
080 _a796.3
100 _a8
101 _aSHM
245 _aINTRODUCTION TO EXERCISE SCIENCE
_cBROWN, S.P
942 _2udc
_cBK
999 _c8916
_d8916